Principes de biochimie minérale (Record no. 33501)

MARC details
000 -LEADER
fixed length control field 00779 a2200301 4500
003 - CONTROL NUMBER IDENTIFIER
control field 00
005 - DATE AND TIME OF LATEST TRANSACTION
control field 20170927175237.0
008 - FIXED-LENGTH DATA ELEMENTS--GENERAL INFORMATION
fixed length control field 170927b xxu||||| |||| 00| 0 eng d
020 ## - NUMERO INTERNATIONAL NORMALISE DES LIVRES
International Standard Book Number 2-8041-2517-3
037 ## - SOURCE OF ACQUISITION
Stock number S 8017
037 ## - SOURCE OF ACQUISITION
Stock number S 8018
040 ## - SOURCE DU CATALOGAGE
Original cataloging agency BUAC
Language of cataloging Fre
Transcribing agency BUC
100 ## - VEDETTE PRINCIPALE - NOM DE PERSONNE
Language of a work Fr
100 ## - VEDETTE PRINCIPALE - NOM DE PERSONNE
Personal name Lippard, Stephen J.
245 ## - TITLE STATEMENT
Title Principes de biochimie minérale
260 ## - PUBLICATION, DISTRIBUTION, ETC. (IMPRINT)
Name of publisher, distributor, etc DeBoeck,
260 ## - PUBLICATION, DISTRIBUTION, ETC. (IMPRINT)
Place of publication, distribution, etc Bruxelles :
260 ## - PUBLICATION, DISTRIBUTION, ETC. (IMPRINT)
Date of publication, distribution, etc 1997
300 ## - PHYSICAL DESCRIPTION
Extent 408 p.
Other physical details couv. en coul. ;
Dimensions 25 cm.
500 ## - GENERAL NOTE
General note Bibliogr. pp. (390-392)<br/>Index pp. (393-408)
630 ## - SUBJECT ADDED ENTRY--UNIFORM TITLE
Uniform title Sciences Sociales et naturelles
650 ## - SUBJECT ADDED ENTRY--TOPICAL TERM
Topical term or geographic name as entry element Biochimie
700 ## - ADDED ENTRY--PERSONAL NAME
Personal name Berg, Jeremy M.
700 ## - ADDED ENTRY--PERSONAL NAME
Personal name Trad., Sanlqville, Chrystelle
700 ## - ADDED ENTRY--PERSONAL NAME
Personal name Collab., Wallach, Jean
942 ## - ADDED ENTRY ELEMENTS (KOHA)
Koha item type Libre Accès
Holdings
Withdrawn status Lost status Damaged status Not for loan Location (home branch) Sublocation or collection (holding branch) Date acquired Koha issues (times borrowed) Koha full call number Koha date last seen Price effective from Koha item type
        Bibliothèque Universitaire Centrale Bibliothèque Universitaire Centrale 28/02/2009   577.1 LIP 28/02/2009 28/02/2009 Libre Accès


© 2008, Bibliothèques de l'Université d'Abomey-Calavi

04 BP 789 Cotonou, Tél. : +229 21 36 01 01, Fax : +229 21 35 06 32

Courriel : bu@bu.uac.bj